Library Logo

Pioneer International University Library Catalogue

PEOPLE SKILLS (Record no. 9712)

MARC details
000 -LEADER
fixed length control field 00435nam a22001457a 4500
003 - CONTROL NUMBER IDENTIFIER
control field OSt
005 - DATE AND TIME OF LATEST TRANSACTION
control field 20251029055819.0
008 - FIXED-LENGTH DATA ELEMENTS--GENERAL INFORMATION
fixed length control field 251029b |||||||| |||| 00| 0 eng d
020 ## - INTERNATIONAL STANDARD BOOK NUMBER
International Standard Book Number 9780671622480
040 ## - CATALOGING SOURCE
Transcribing agency SIMON AND SCHUSTER, Inc
050 ## - LIBRARY OF CONGRESS CALL NUMBER
Classification number BF 637 .B64
245 ## - TITLE STATEMENT
Title PEOPLE SKILLS
Remainder of title HOW TO ASSERT YOURSELF, LISTEN TO OTHERS, AND RESOLVE COFLICTS
Statement of responsibility, etc. SIMON &SCHUSTER
260 ## - PUBLICATION, DISTRIBUTION, ETC.
Place of publication, distribution, etc. NEW YORK
Name of publisher, distributor, etc. SIMON &SCHUSTER
Date of publication, distribution, etc. 1986
942 ## - ADDED ENTRY ELEMENTS (KOHA)
Source of classification or shelving scheme Library of Congress Classification
Koha item type Books
Suppress in OPAC No

No items available.